000 00316nam a2200133Ia 4500
005 20251222140112.0
008 251222s1900||||xx |||||||||||||| ||spa||
020 _a84-7490-426-9
082 _a128.6/C39
100 _aAnrubia Aparisi, Enrique & otros
245 0 _aVulnerables:
264 _bEncuentro
942 _cLIB
999 _c4344
_d4344